Jensen's survey of the Old Testament / (Record no. 248)
[ view plain ]
| 000 -LEADER | |
|---|---|
| fixed length control field | 00710cam a22002172 4500 |
| 001 - CONTROL NUMBER | |
| control field | 0000000777 |
| 005 - DATE AND TIME OF LATEST TRANSACTION | |
| control field | 20151021151048.0 |
| 008 - FIXED-LENGTH DATA ELEMENTS--GENERAL INFORMATION | |
| fixed length control field | 070219s xx 000 0 eng d |
| 040 ## - CATALOGING SOURCE | |
| Original cataloging agency | KABU |
| Transcribing agency | KABU |
| 050 #0 - LIBRARY OF CONGRESS CALL NUMBER | |
| Classification number | BS1194 |
| Item number | .J46 1978 |
| 100 1# - MAIN ENTRY--PERSONAL NAME | |
| Personal name | Jensen, Irving Lester. |
| -- | 0000159944 |
| 245 10 - TITLE STATEMENT | |
| Title | Jensen's survey of the Old Testament / |
| Statement of responsibility, etc. | by Irving Lester Jensen. |
| 246 3# - VARYING FORM OF TITLE | |
| Title proper/short title | Survey of the Old Testament |
| 260 ## - PUBLICATION, DISTRIBUTION, ETC. (IMPRINT) | |
| Place of publication, distribution, etc. | Chicago : |
| Name of publisher, distributor, etc. | Moody Press, |
| Date of publication, distribution, etc. | 1978. |
| 300 ## - PHYSICAL DESCRIPTION | |
| Extent | 488 p. |
| 630 00 - SUBJECT ADDED ENTRY--UNIFORM TITLE | |
| Uniform title | Bible. |
| Name of part/section of a work | O.T. |
| Form subdivision | Textbooks |
| General subdivision | Study. |
| -- | 0000159945 |
| 908 ## - PUT COMMAND PARAMETER (RLIN) | |
| Put command parameter | 070219 |
| 950 ## - LOCAL HOLDINGS (RLIN) | |
| -- | 1 |
| Withdrawn status | Lost status | Source of classification or shelving scheme | Not for loan | Home library | Current library | Date acquired | Total Checkouts | Total Renewals | Full call number | Barcode | Date last seen | Date last checked out | Price effective from | Koha item type | Damaged status |
|---|---|---|---|---|---|---|---|---|---|---|---|---|---|---|---|
| Library of Congress Classification | Kabarak, Nakuru City Campus | Kabarak, Main Campus | 21/10/2015 | 5 | 3 | BS1194 .J46 1978 c. 2 | 002967 | 24/07/2024 | 18/06/2024 | 21/10/2015 | General Collection | ||||
| Lost | Library of Congress Classification | Kabarak, Nakuru City Campus | Kabarak, Main Campus | 21/10/2015 | 3 | BS1194 .J46 1978 c. 1 | 010139 | 03/02/2016 | 03/02/2016 | 21/10/2015 | General Collection |